[Event "DEM U12/U12w 2008"]
[Site "Willingen GER"]
[Date "2008.05.11"]
[Round "2"]
[White "Viereck, Marten"]
[Black "Niedermayer, Julian Andi"]
[Result "0-1"]
[Termination "normal"]
[Board "24"]
[WhiteElo "1414"]
[BlackElo "1739"]
[PlyCount "30"]
[WhiteFideId "24692190"]
[BlackFideId "24600792"]
[EventCountry "GER"]
[EventRounds "11"]
[EventType "swiss"]
[EventDate "2008.05.10"]

1. e4 c6 2. d4 d5 3. e5 c5 4. c3 Nc6 5. Nf3 Bg4 6. Be2 e6 7. O-O Qb6 8. Nbd2
Nge7 9. b3 cxd4 10. c4 Ng6 11. Bb2 Bc5 12. cxd5 exd5 13. a3 a5 14. h3 Bf5 15.
Re1 d3 0-1

[Event "DEM U12/U12w 2008"]
[Site "Willingen GER"]
[Date "2008.05.11"]
[Round "2"]
[White "Carmesin, Matthias"]
[Black "Lagunov, Elina"]
[Result "1/2-1/2"]
[Termination "normal"]
[Board "25"]
[WhiteElo "1641"]
[BlackElo "1431"]
[PlyCount "114"]
[WhiteFideId "4635965"]
[BlackFideId "4673387"]
[EventCountry "GER"]
[EventRounds "11"]
[EventType "swiss"]
[EventDate "2008.05.10"]

1. e4 e5 2. Nf3 Nc6 3. Bb5 a6 4. Ba4 d6 5. c3 f5 6. d3 fxe4 7. dxe4 Be7 8. c4
Be6 9. c5 Nf6 10. Nc3 O-O 11. cxd6 cxd6 12. O-O Qe8 13. Ng5 Bg4 14. f3 Bd7 15.
Bb3+ Kh8 16. Ne6 Bxe6 17. Bxe6 Qg6 18. Bf5 Qh5 19. Be3 Qf7 20. Bh3 Nh5 21. Nd5
Nf4 22. Bxf4 exf4 23. Qd2 Ne5 24. Rac1 Bg5 25. Nc7 Nc4 26. Qd5 Qxc7 27. Rxc4
Qb6+ 28. Kh1 Bf6 29. b3 Rae8 30. Rd1 Be5 31. b4 Re7 32. Rdc1 g6 33. a4 Qa7 34.
a5 b6 35. Rc8 Kg7 36. Rxf8 Kxf8 37. Rc8+ Kg7 38. Qa8 Qxa8 39. Rxa8 bxa5 40.
bxa5 Rc7 41. Kg1 Rc1+ 42. Kf2 Rc2+ 43. Kf1 Rc6 44. Ra7+ Kh6 45. Bd7 Rc5 46.
Rxa6 Bc3 47. Rxd6 Rxa5 48. g3 Be5 49. Rd5 Rxd5 50. exd5 fxg3 51. hxg3 Bxg3 52.
Ke2 Kg7 53. Ke3 Kf6 54. Be6 Ke5 55. Ke2 h5 56. Kf1 g5 57. Kg2 Bf4 1/2-1/2

[Event "DEM U12/U12w 2008"]
[Site "Willingen GER"]
[Date "2008.05.11"]
[Round "2"]
[White "Moritz, Aron"]
[Black "Duchow, Julien"]
[Result "1-0"]
[Termination "normal"]
[Board "26"]
[WhiteElo "1984"]
[BlackElo "1303"]
[PlyCount "49"]
[WhiteFideId "24672319"]
[EventCountry "GER"]
[EventRounds "11"]
[EventType "swiss"]
[EventDate "2008.05.10"]

1. e4 e5 2. Nf3 Nc6 3. Bc4 Nf6 4. d3 Bc5 5. c3 a6 6. Nbd2 d6 7. Bb3 O-O 8. O-O
h6 9. h3 Re8 10. Re1 Be6 11. Nf1 Qd7 12. Ng3 b5 13. Be3 Ba7 14. Nh4 Ne7 15. Qf3
Bxb3 16. axb3 Qe6 17. Ngf5 Nc6 18. Qg3 Nh5 19. Qg4 Bxe3 20. Rxe3 g6 21. Nxh6+
Kh8 22. Nxf7+ Qxf7 23. Nxg6+ Kh7 24. Qxh5+ Kg7 25. Rg3 1-0

[Event "DEM U12/U12w 2008"]
[Site "Willingen GER"]
[Date "2008.05.11"]
[Round "2"]
[White "Carow, Johannes"]
[Black "Stanau, Guido"]
[Result "1-0"]
[Termination "normal"]
[Board "27"]
[WhiteElo "1668"]
[BlackElo "1333"]
[PlyCount "69"]
[WhiteFideId "24692050"]
[BlackFideId "24692255"]
[EventCountry "GER"]
[EventRounds "11"]
[EventType "swiss"]
[EventDate "2008.05.10"]

1. d4 Nf6 2. c4 Nc6 3. Nf3 e6 4. Nc3 Bb4 5. Bd2 O-O 6. e3 d6 7. a3 Bxc3 8. Bxc3
Re8 9. Qc2 e5 10. dxe5 Nxe5 11. Nxe5 dxe5 12. Be2 e4 13. h3 Nd7 14. O-O Qg5 15.
Rfd1 Nf8 16. Rd5 Qg6 17. h4 f5 18. h5 Qg5 19. Be5 Ne6 20. g3 b6 21. Rad1 g6 22.
hxg6 hxg6 23. Qc3 Qh6 24. Kg2 Ng7 25. Rh1 Nh5 26. Bxh5 gxh5 27. Bxc7 Be6 28.
Bf4 Qh7 29. Rd2 Kf7 30. b3 Rg8 31. Qe5 Rac8 32. Rhd1 Rce8 33. Rd7+ Re7 34.
Rxe7+ Kxe7 35. Qc7+ 1-0

[Event "DEM U12/U12w 2008"]
[Site "Willingen GER"]
[Date "2008.05.11"]
[Round "2"]
[White "Greif, Gavin"]
[Black "Stolcz, Bianca"]
[Result "0-1"]
[Termination "normal"]
[Board "29"]
[WhiteElo "1268"]
[BlackElo "1594"]
[PlyCount "88"]
[WhiteFideId "24662429"]
[BlackFideId "24654914"]
[EventCountry "GER"]
[EventRounds "11"]
[EventType "swiss"]
[EventDate "2008.05.10"]

1. e4 c5 2. c3 Nf6 3. e5 Nd5 4. d4 cxd4 5. Nf3 Nc6 6. cxd4 d6 7. a3 Bg4 8. h3
Bxf3 9. Qxf3 dxe5 10. dxe5 Nxe5 11. Qb3 Nb6 12. Bf4 Nc6 13. Be3 e5 14. Bb5 Be7
15. O-O O-O 16. Nc3 Nd4 17. Bxd4 Qxd4 18. Rad1 Qc5 19. Ne4 Qc8 20. Rc1 Qf5 21.
Ng3 Qg5 22. Rc7 Rab8 23. a4 Rfc8 24. Rxc8+ Nxc8 25. Bd7 Nd6 26. Bg4 b5 27. Bf3
a6 28. Ne4 Nxe4 29. Bxe4 Qf4 30. Bd5 Bd6 31. g3 Qf5 32. axb5 axb5 33. Kg2 h5
34. Rd1 Bc5 35. Rf1 e4 36. Bc6 b4 37. Bd5 Rd8 38. Bc4 Rd2 39. h4 Rxf2+ 40. Rxf2
Qxf2+ 41. Kh3 e3 42. Qa4 Qf5+ 43. Kg2 Qe4+ 44. Kh3 Qh1# 0-1

[Event "DEM U12/U12w 2008"]
[Site "Willingen GER"]
[Date "2008.05.11"]
[Round "2"]
[White "Böhl, Marius"]
[Black "Hellwig, Immo"]
[Result "0-1"]
[Termination "normal"]
[Board "30"]
[WhiteElo "1471"]
[BlackElo "1278"]
[PlyCount "86"]
[WhiteFideId "24692131"]
[EventCountry "GER"]
[EventRounds "11"]
[EventType "swiss"]
[EventDate "2008.05.10"]

1. d4 Nf6 2. c4 c5 3. e3 cxd4 4. exd4 g6 5. Nf3 Bg7 6. Nc3 e6 7. Bg5 O-O 8. Qd2
Nc6 9. Ne4 d5 10. Nxf6+ Bxf6 11. Bxf6 Qxf6 12. Rd1 b6 13. c5 bxc5 14. dxc5 Rb8
15. b3 Bd7 16. Rb1 Rfc8 17. b4 Ne5 18. Nxe5 Qxe5+ 19. Qe3 Qxe3+ 20. fxe3 Rxc5
21. bxc5 Rxb1+ 22. Kd2 Rb2+ 23. Kd3 Rxa2 24. Kd4 f6 25. Bd3 e5+ 26. Kxd5 Rd2
27. Kc4 Be6+ 28. Kc3 Rxg2 29. Bc4 Kf7 30. Bxe6+ Kxe6 31. Rd1 Ra2 32. c6 Ra6 33.
Kb4 Rxc6 34. e4 Rd6 35. Re1 Rd4+ 36. Kb5 f5 37. exf5+ gxf5 38. Rc1 e4 39. Rc8
f4 40. Rh8 f3 41. Rxh7 f2 42. Rh6+ Kf7 43. Rh7+ Kg6 0-1

[Event "DEM U12/U12w 2008"]
[Site "Willingen GER"]
[Date "2008.05.11"]
[Round "2"]
[White "Priese, Annika"]
[Black "Gubela, Hans-Erich Constantin"]
[Result "1-0"]
[Termination "normal"]
[Board "31"]
[WhiteElo "1256"]
[BlackElo "1460"]
[PlyCount "41"]
[WhiteFideId "24673730"]
[BlackFideId "24692140"]
[EventCountry "GER"]
[EventRounds "11"]
[EventType "swiss"]
[EventDate "2008.05.10"]

1. e4 c5 2. Nf3 a6 3. d4 cxd4 4. Nxd4 Nf6 5. Nc3 e5 6. Nb3 Bb4 7. Bd2 d6 8. a3
Bxc3 9. Bxc3 Nxe4 10. Qd3 Nxc3 11. Qxc3 Be6 12. O-O-O Nc6 13. Kb1 O-O 14. Be2
Rc8 15. Qd3 Bxb3 16. Qxb3 Nd4 17. Qe3 Nxc2 18. Qe4 Qb6 19. Bd3 Nxa3+ 20. Ka2
Nb5 21. Qxh7# 1-0

[Event "DEM U12/U12w 2008"]
[Site "Willingen GER"]
[Date "2008.05.11"]
[Round "2"]
[White "Spiegelberg, Silvia"]
[Black "Eichstaedt, Mirko"]
[Result "1-0"]
[Termination "normal"]
[Board "32"]
[WhiteElo "1455"]
[BlackElo "1265"]
[PlyCount "121"]
[WhiteFideId "24654450"]
[BlackFideId "24692310"]
[EventCountry "GER"]
[EventRounds "11"]
[EventType "swiss"]
[EventDate "2008.05.10"]

1. d4 d5 2. Bf4 Bf5 3. e3 Nf6 4. Nf3 e6 5. Ne5 Nbd7 6. g4 Nxe5 7. gxf5 Ned7 8.
fxe6 fxe6 9. Nd2 c5 10. c3 cxd4 11. exd4 Qb6 12. Qb3 Qxb3 13. axb3 a6 14. c4
Bb4 15. Bg2 O-O 16. Rg1 Nb6 17. c5 Nbd7 18. Bh3 Kh8 19. O-O-O Bxd2+ 20. Bxd2
Rae8 21. f3 e5 22. Bb4 Rf7 23. Rde1 exd4 24. Rxe8+ Nxe8 25. Be6 Re7 26. c6 Nd6
27. Bxd6 Rxe6 28. c7 Nb6 29. Bg3 Kg8 30. Kd2 Kf7 31. Rc1 Rc6 32. Re1 Re6 33.
Kd3 Rxe1 34. Bxe1 Ke6 35. Bg3 g6 36. Kxd4 h6 37. Kc5 Nc8 38. h3 g5 39. h4 gxh4
40. Bxh4 Ke5 41. Bg3+ Ke6 42. Bh2 h5 43. Bg3 b6+ 44. Kd4 Ne7 45. Ke3 Nc8 46.
Kf4 Kf6 47. Bh4+ Ke6 48. Kg5 Ke5 49. f4+ Ke6 50. Kg6 d4 51. f5+ Ke5 52. f6 d3
53. Be1 h4 54. f7 h3 55. f8=Q h2 56. Qf5+ Kd6 57. Qf4+ Kc6 58. Qxh2 Nd6 59.
Qxd6+ Kxd6 60. c8=Q Kd5 61. Qxa6 1-0

[Event "DEM U12/U12w 2008"]
[Site "Willingen GER"]
[Date "2008.05.11"]
[Round "2"]
[White "Rahimi, Anita"]
[Black "Holle, Cedric"]
[Result "0-1"]
[Termination "normal"]
[Board "33"]
[WhiteElo "1172"]
[BlackElo "1455"]
[PlyCount "98"]
[WhiteFideId "24692336"]
[BlackFideId "24692158"]
[EventCountry "GER"]
[EventRounds "11"]
[EventType "swiss"]
[EventDate "2008.05.10"]

1. d4 Nf6 2. Bf4 d5 3. e3 Bg4 4. Nf3 e6 5. Bd3 c5 6. c3 Nc6 7. Nbd2 c4 8. Bc2
Bd6 9. Bxd6 Qxd6 10. h3 Bh5 11. Rc1 O-O 12. O-O b5 13. Bb1 a5 14. Qc2 b4 15.
Nh2 a4 16. Ndf3 b3 17. Qd2 Bg6 18. Bxg6 fxg6 19. a3 Ne4 20. Qe2 e5 21. Ng4 exd4
22. exd4 Rae8 23. Qd1 Qf4 24. Ne3 Rd8 25. Qe2 Rfe8 26. Nxc4 Nd6 27. Qd2 Qxd2
28. Ncxd2 Re2 29. Rfe1 Rde8 30. Rxe2 Rxe2 31. Re1 Rxe1+ 32. Nxe1 Na7 33. f4
Nab5 34. g4 Nc4 35. Nef3 Nbxa3 36. bxa3 Nxa3 37. Ne1 b2 38. Kf2 Nc4 39. Nc2
Nxd2 40. Na3 Nc4 41. Nxc4 dxc4 42. d5 b1=Q 43. Ke3 Qd3+ 44. Kf2 a3 45. d6 a2
46. d7 Qxd7 47. Ke2 Qd3+ 48. Kf2 a1=Q 49. h4 Qb2+ 0-1

[Event "DEM U12/U12w 2008"]
[Site "Willingen GER"]
[Date "2008.05.11"]
[Round "2"]
[White "Groetzbach, Daniel"]
[Black "Bajorski, Maria Sophie"]
[Result "0-1"]
[Termination "normal"]
[Board "34"]
[WhiteElo "1454"]
[BlackElo "1211"]
[PlyCount "48"]
[WhiteFideId "24692166"]
[BlackFideId "24654531"]
[EventCountry "GER"]
[EventRounds "11"]
[EventType "swiss"]
[EventDate "2008.05.10"]

1. e4 e5 2. f4 exf4 3. Nf3 Nc6 4. d4 Nf6 5. Nc3 d5 6. e5 Ne4 7. Bxf4 Bb4 8. Bd2
Bg4 9. Bb5 Bxf3 10. Qxf3 Qh4+ 11. g3 Nxd2 12. Kxd2 Qxd4+ 13. Qd3 Qc5 14. a3
Bxc3+ 15. bxc3 O-O-O 16. Bxc6 Qxc6 17. Rhf1 Qh6+ 18. Kd1 Qh5+ 19. Kc1 Rhe8 20.
Qe3 b6 21. Qf4 Rd7 22. c4 Qxe5 23. cxd5 Qxa1+ 24. Kd2 Rxd5+ 0-1

[Event "DEM U12/U12w 2008"]
[Site "Willingen GER"]
[Date "2008.05.11"]
[Round "2"]
[White "Jermann, Isabel"]
[Black "Steimbach, Isabel"]
[Result "1/2-1/2"]
[Termination "normal"]
[Board "35"]
[WhiteElo "1146"]
[BlackElo "1448"]
[PlyCount "133"]
[BlackFideId "24692174"]
[EventCountry "GER"]
[EventRounds "11"]
[EventType "swiss"]
[EventDate "2008.05.10"]

1. d4 d5 2. Bf4 Nf6 3. e3 e6 4. Bd3 c5 5. c3 c4 6. Bc2 Nc6 7. h3 Bd6 8. Bxd6
Qxd6 9. Nf3 e5 10. Ba4 e4 11. Ne5 Bd7 12. Nxd7 Qxd7 13. O-O O-O 14. Nd2 a6 15.
Rb1 b5 16. Bc2 Ne7 17. b3 Rab8 18. bxc4 bxc4 19. Ba4 Rxb1 20. Nxb1 Qf5 21. Nd2
Qg6 22. Kh1 Nf5 23. Qe2 Nh4 24. Rg1 Qf5 25. Nf1 Qe6 26. Ng3 Nf5 27. Rb1 Nh4 28.
Kh2 g6 29. Bd1 Qd6 30. Kg1 g5 31. Nh5 Kh8 32. Nxf6 Qxf6 33. Qg4 Rd8 34. Qg3 Nf5
35. Qe5 Qxe5 36. dxe5 Kg7 37. Rb6 a5 38. Ra6 Re8 39. Rxa5 Rxe5 40. a4 Ne7 41.
Ra7 Nc6 42. Rc7 Re6 43. Bg4 Rd6 44. Rd7 Rxd7 45. Bxd7 Na5 46. Kf1 Kf6 47. Ke2
Ke7 48. Bb5 Kd6 49. Kd2 Kc5 50. Kc2 f5 51. g3 Nc6 52. Bxc6 Kxc6 53. Kb2 Kb6 54.
Ka2 Ka5 55. Ka3 g4 56. h4 h5 57. Kb2 Kxa4 58. Ka2 Kb5 59. Kb2 Kc5 60. Kc2 Kd6
61. Kd2 Ke5 62. Ke2 Ke6 63. Ke1 Kd6 64. Kd2 Kc5 65. Kc1 Kb5 66. Kb1 Kc5 67. Kb2
1/2-1/2

[Event "DEM U12/U12w 2008"]
[Site "Willingen GER"]
[Date "2008.05.11"]
[Round "2"]
[White "Schreiber, Kevin"]
[Black "Diederichs, Luise"]
[Result "1-0"]
[Termination "normal"]
[Board "36"]
[WhiteElo "1442"]
[BlackElo "1177"]
[PlyCount "57"]
[WhiteFideId "24655830"]
[BlackFideId "24661597"]
[EventCountry "GER"]
[EventRounds "11"]
[EventType "swiss"]
[EventDate "2008.05.10"]

1. d4 f5 2. Nf3 Nf6 3. Bf4 g6 4. e3 Bg7 5. Be2 O-O 6. c4 d6 7. Nc3 Nbd7 8. Qd2
Qe8 9. O-O-O e5 10. Bg5 e4 11. Ne1 c6 12. d5 cxd5 13. Nxd5 h6 14. Bxf6 Nxf6 15.
Nc7 Qc6 16. Nxa8 Be6 17. Qxd6 Rxa8 18. Qxc6 bxc6 19. b3 Ng4 20. Bxg4 fxg4 21.
Rd6 Bf5 22. Rxc6 Rd8 23. Nc2 Kh7 24. Rc7 Ra8 25. Nd4 h5 26. Nxf5 gxf5 27. c5
Kh6 28. Rd1 Bf6 29. c6 1-0

[Event "DEM U12/U12w 2008"]
[Site "Willingen GER"]
[Date "2008.05.11"]
[Round "2"]
[White "Puffay, Jana"]
[Black "Helle, Samuel"]
[Result "0-1"]
[Termination "normal"]
[Board "37"]
[WhiteElo "1047"]
[BlackElo "1438"]
[PlyCount "66"]
[WhiteFideId "24692360"]
[BlackFideId "24692182"]
[EventCountry "GER"]
[EventRounds "11"]
[EventType "swiss"]
[EventDate "2008.05.10"]

1. e4 d5 2. exd5 Nf6 3. d4 Nxd5 4. Be2 Bf5 5. c3 e6 6. Nf3 c5 7. Be3 Nc6 8. O-O
Be7 9. dxc5 Nxe3 10. fxe3 Bxc5 11. Qc1 Qb6 12. Kf2 Ne7 13. b4 Bd6 14. Qd2 Rd8
15. Qb2 Nd5 16. Nd4 O-O 17. a3 Nf6 18. h3 Ne4+ 19. Ke1 Bg3+ 20. Kd1 Nf2+ 21.
Kc1 Bg6 22. Nd2 e5 23. N4f3 Qxe3 24. Bc4 Bd3 25. Re1 Qf4 26. Bb3 e4 27. Ng1 e3
28. Nf1 e2+ 29. Nd2 Ne4 30. Ra2 Bxe1 31. Ngf3 Nxd2 32. Nxd2 Bf5 33. Qa1 Rxd2
0-1

[Event "DEM U12/U12w 2008"]
[Site "Willingen GER"]
[Date "2008.05.11"]
[Round "2"]
[White "Bokemaer, David"]
[Black "Schreiber, Justina"]
[Result "1/2-1/2"]
[Termination "normal"]
[Board "38"]
[WhiteElo "1433"]
[BlackElo "1172"]
[PlyCount "105"]
[BlackFideId "24661570"]
[EventCountry "GER"]
[EventRounds "11"]
[EventType "swiss"]
[EventDate "2008.05.10"]

1. e4 e6 2. Nf3 d5 3. Nc3 dxe4 4. Nxe4 Nd7 5. d4 Ngf6 6. Nxf6+ Nxf6 7. Bg5 Be7
8. Bc4 c5 9. dxc5 Qa5+ 10. c3 Qxc5 11. Be2 Bd7 12. O-O Bc6 13. Be3 Qa5 14. b4
Qc7 15. b5 Be4 16. Qa4 b6 17. Bg5 Bb7 18. Bf4 Qxc3 19. Rac1 Qa3 20. Qxa3 Bxa3
21. Rc7 Bd5 22. h3 Bxa2 23. Ra1 Nd5 24. Rxa2 Nxf4 25. Rxa3 Nxe2+ 26. Kf1 Nf4
27. Raxa7 O-O 28. g3 Nd5 29. Rxa8 Nxc7 30. Ra7 Nxb5 31. Rb7 h6 32. Rxb6 Nc3 33.
Rb7 Rd8 34. Ne5 f6 35. Ng4 Ne4 36. Rb6 Rd6 37. Rxd6 Nxd6 38. Ke2 Kf7 39. Kf3 h5
40. Ne3 g5 41. Nc2 f5 42. Ne3 Kf6 43. Nc2 Ne4 44. Nd4 e5 45. Nc2 Nc3 46. Ne3
g4+ 47. hxg4 hxg4+ 48. Kg2 f4 49. gxf4 exf4 50. Nxg4+ Kg5 51. Ne5 Ne4 52. Nd3
Nxf2 53. Nxf4 1/2-1/2

[Event "DEM U12/U12w 2008"]
[Site "Willingen GER"]
[Date "2008.05.11"]
[Round "2"]
[White "Röhlich, Anna"]
[Black "Knopf, Felix"]
[Result "0-1"]
[Termination "normal"]
[Board "39"]
[WhiteElo "1043"]
[BlackElo "1412"]
[PlyCount "124"]
[BlackFideId "24692204"]
[EventCountry "GER"]
[EventRounds "11"]
[EventType "swiss"]
[EventDate "2008.05.10"]

1. e4 c5 2. d4 cxd4 3. c3 Nf6 4. Bd3 Nc6 5. Nf3 d6 6. cxd4 e6 7. Nc3 a6 8. O-O
Be7 9. Bf4 O-O 10. Qd2 b5 11. a3 Bb7 12. Rfd1 Rc8 13. e5 dxe5 14. dxe5 Nd5 15.
Bh6 Nxc3 16. bxc3 Na5 17. Rab1 Bxf3 18. gxf3 Nc4 19. Bxc4 Rxc4 20. Be3 Qxd2 21.
Bxd2 Rd8 22. Be1 Rxd1 23. Rxd1 Bxa3 24. Rd8+ Bf8 25. Ra8 Ra4 26. Kg2 g6 27. Kg3
Kg7 28. h4 h5 29. Bd2 Be7 30. f4 a5 31. Ra7 Bc5 32. Rb7 b4 33. cxb4 axb4 34.
Kg2 Ra2 35. Bxb4 Rb2 36. Bxc5 Rxb7 37. Kf3 Rb5 38. Be7 Rb7 39. Bf6+ Kf8 40. Bd8
Ke8 41. Ba5 Kd7 42. Ke4 Rb5 43. Bc3 Kc6 44. Kd4 Rb1 45. Ba5 Kd7 46. Ke3 Rh1 47.
Kf3 Rxh4 48. Bd2 Rh1 49. Kg3 Ke7 50. Bb4+ Ke8 51. Kg2 Rb1 52. Bd6 Rb3 53. f3
Rd3 54. Kg3 Rxd6 55. exd6 Kd7 56. Kh4 Kxd6 57. Kg5 Kd5 58. Kh4 Kd4 59. Kh3 Ke3
60. Kg3 f5 61. Kg2 Kxf4 62. Kf2 e5 0-1

[Event "DEM U12/U12w 2008"]
[Site "Willingen GER"]
[Date "2008.05.11"]
[Round "2"]
[White "Hansch, Karsten"]
[Black "Hauffen, Franziska"]
[Result "1-0"]
[Termination "normal"]
[Board "40"]
[WhiteElo "1370"]
[BlackElo "1143"]
[PlyCount "85"]
[WhiteFideId "24692239"]
[EventCountry "GER"]
[EventRounds "11"]
[EventType "swiss"]
[EventDate "2008.05.10"]

1. d4 Nf6 2. Nf3 g6 3. c4 Bg7 4. Nc3 d6 5. Bg5 O-O 6. e3 Nc6 7. Be2 e5 8. Nd5
Bd7 9. dxe5 dxe5 10. Nxf6+ Bxf6 11. Bxf6 Qxf6 12. Qxd7 Rac8 13. O-O Rfd8 14.
Qg4 Qe7 15. Qh4 Qxh4 16. Nxh4 Rd2 17. Bf3 Na5 18. b3 Re8 19. Be4 c6 20. Rfd1
Rxd1+ 21. Rxd1 f5 22. Bc2 e4 23. g3 c5 24. a3 Nc6 25. Rd5 b6 26. Kf1 Re7 27.
Ng2 Kg7 28. Nf4 Ne5 29. h4 Kf7 30. Ne2 Nf3 31. Nc3 a6 32. Rd6 Rb7 33. Na4 b5
34. Nxc5 Rc7 35. Nxa6 Rc8 36. Nb4 bxc4 37. bxc4 Kg7 38. Nc6 Kh6 39. a4 Ra8 40.
Nd4 Nd2+ 41. Ke1 Nxc4 42. Nxf5+ Kh5 43. Bd1# 1-0

[Event "DEM U12/U12w 2008"]
[Site "Willingen GER"]
[Date "2008.05.11"]
[Round "2"]
[White "Triantafillidis, Katherina"]
[Black "Pührer, Anne"]
[Result "0-1"]
[Termination "normal"]
[Board "41"]
[WhiteElo "993"]
[BlackElo "1369"]
[PlyCount "48"]
[WhiteFideId "24692409"]
[BlackFideId "24692247"]
[EventCountry "GER"]
[EventRounds "11"]
[EventType "swiss"]
[EventDate "2008.05.10"]

1. e4 c5 2. Nf3 d6 3. Nc3 Nf6 4. Bc4 g6 5. d3 Bg7 6. Bg5 O-O 7. O-O Nc6 8. Qe2
a6 9. a3 b5 10. Ba2 Bb7 11. Nd5 Nxd5 12. exd5 Ne5 13. Rae1 Re8 14. b4 Nxf3+ 15.
Qxf3 Bc3 16. Rb1 Qd7 17. bxc5 dxc5 18. Qf4 Bxd5 19. Bxd5 Qxd5 20. Rb3 Bg7 21.
Re1 f6 22. Qc7 Qxg5 23. Rxe7 Qc1+ 24. Re1 Rxe1# 0-1

[Event "DEM U12/U12w 2008"]
[Site "Willingen GER"]
[Date "2008.05.11"]
[Round "2"]
[White "Ewert, Paul"]
[Black "Fischer, Maxi"]
[Result "1-0"]
[Termination "normal"]
[Board "43"]
[WhiteElo "1329"]
[BlackElo "1026"]
[PlyCount "51"]
[BlackFideId "24692395"]
[EventCountry "GER"]
[EventRounds "11"]
[EventType "swiss"]
[EventDate "2008.05.10"]

1. e4 e5 2. Nf3 Nc6 3. d4 exd4 4. Nxd4 Bc5 5. Be3 Qf6 6. c3 Nge7 7. Bc4 d6 8.
O-O Ne5 9. Bb3 Qg6 10. f3 Bh3 11. Qe2 Bd7 12. Kh1 h5 13. f4 Ng4 14. e5 dxe5 15.
fxe5 Nxe5 16. Bf4 Bd6 17. Bxe5 Bxe5 18. Bxf7+ Qxf7 19. Rxf7 Kxf7 20. Qxe5 Rhf8
21. Nd2 h4 22. Qxc7 Bc6 23. Rf1+ Kg8 24. Qxe7 Rac8 25. Ne6 h3 26. Qxg7# 1-0

[Event "DEM U12/U12w 2008"]
[Site "Willingen GER"]
[Date "2008.05.11"]
[Round "2"]
[White "Michels, Kim"]
[Black "Aslan, Dersim"]
[Result "0-1"]
[Termination "normal"]
[Board "44"]
[WhiteElo "926"]
[BlackElo "1319"]
[PlyCount "70"]
[WhiteFideId "24690066"]
[BlackFideId "24692271"]
[EventCountry "GER"]
[EventRounds "11"]
[EventType "swiss"]
[EventDate "2008.05.10"]

1. e4 e6 2. d4 d5 3. Nc3 dxe4 4. Nxe4 Nc6 5. Nf3 b6 6. Bb5 Bb7 7. Ne5 Nge7 8.
O-O a6 9. Nxc6 Nxc6 10. Bxc6+ Bxc6 11. Re1 Qd5 12. Bf4 f5 13. Qh5+ Kd8 14. Qg5+
Kc8 15. Nc3 Qd7 16. Rad1 Kb7 17. a3 Rg8 18. Qh5 g6 19. Qe2 g5 20. Bd2 Rg6 21.
Na2 Qd5 22. f3 Qxa2 23. Bc3 Qd5 24. h3 h5 25. Qe5 Bd6 26. Qxd5 Bxd5 27. Rd3 g4
28. hxg4 hxg4 29. Re2 gxf3 30. Rf2 fxg2 31. Rdd2 Rag8 32. b4 f4 33. a4 f3 34.
a5 Rh8 35. Rxg2 fxg2 0-1

[Event "DEM U12/U12w 2008"]
[Site "Willingen GER"]
[Date "2008.05.11"]
[Round "2"]
[White "Schmalhorst, Sophia"]
[Black "Paliy, Margaryta"]
[Result "1-0"]
[Termination "normal"]
[Board "45"]
[WhiteElo "1317"]
[BlackElo "934"]
[PlyCount "99"]
[WhiteFideId "24682497"]
[BlackFideId "24692417"]
[EventCountry "GER"]
[EventRounds "11"]
[EventType "swiss"]
[EventDate "2008.05.10"]

1. e4 e5 2. Nf3 Nc6 3. Bc4 Nf6 4. d3 Bc5 5. Nc3 d6 6. a3 Bg4 7. h3 Bh5 8. g4
Bg6 9. Bg5 h6 10. Bd2 h5 11. g5 Nd7 12. Qe2 O-O 13. O-O-O h4 14. Nxh4 Bh7 15.
Qh5 Kh8 16. g6 Nf6 17. Qg5 fxg6 18. Nxg6+ Bxg6 19. Qxg6 Ne7 20. Qg3 Nh5 21. Qg5
Nf6 22. Rhg1 Rg8 23. Bxg8 Qxg8 24. Rg2 Qf7 25. Qh4+ Nh5 26. Rg5 g6 27. Rf1 d5
28. Nxd5 Nxd5 29. exd5 Kg7 30. Qxh5 Kf8 31. Qh8+ Qg8 32. Qxg8+ Kxg8 33. Rxg6+
Kf7 34. Rg5 Kf6 35. h4 a5 36. Be3 Be7 37. Rfg1 b6 38. Rg6+ Kf7 39. Rg7+ Ke8 40.
Rg8+ Kd7 41. Rxa8 Bxh4 42. c4 Bf6 43. Ra7 Kc8 44. Rg8+ Bd8 45. Bxb6 cxb6 46.
Ra8+ Kb7 47. Raxd8 Kc7 48. Rdf8 Kb7 49. Rg7+ Ka6 50. Ra8# 1-0

[Event "DEM U12/U12w 2008"]
[Site "Willingen GER"]
[Date "2008.05.11"]
[Round "2"]
[White "Weber, Daniel"]
[Black "Bohm, Stephanie"]
[Result "1-0"]
[Termination "normal"]
[Board "46"]
[WhiteElo "1300"]
[BlackElo "888"]
[PlyCount "41"]
[WhiteFideId "24615498"]
[EventCountry "GER"]
[EventRounds "11"]
[EventType "swiss"]
[EventDate "2008.05.10"]

1. e4 c5 2. d4 cxd4 3. c3 dxc3 4. Nxc3 Nc6 5. Nf3 g6 6. Bf4 Bg7 7. Qb3 e6 8.
Nb5 e5 9. Nd6+ Ke7 10. Nxf7 Qa5+ 11. Bd2 Qb6 12. Nxh8 Bxh8 13. Qxg8 Qxb2 14.
Qxh7+ Ke6 15. Qxg6+ Bf6 16. Ng5+ Ke7 17. Qf7+ Kd8 18. Qxf6+ Kc7 19. Rd1 d6 20.
Ba5+ Nxa5 21. Qxd6# 1-0

[Event "DEM U12/U12w 2008"]
[Site "Willingen GER"]
[Date "2008.05.11"]
[Round "2"]
[White "Ludwig, Maria"]
[Black "Rahimi, Rozafa"]
[Result "0-1"]
[Termination "normal"]
[Board "47"]
[WhiteElo "866"]
[BlackElo "1297"]
[PlyCount "76"]
[WhiteFideId "24655791"]
[BlackFideId "24692280"]
[EventCountry "GER"]
[EventRounds "11"]
[EventType "swiss"]
[EventDate "2008.05.10"]

1. e4 d5 2. exd5 Qxd5 3. Nc3 Qa5 4. d4 c6 5. Bc4 Bf5 6. Nf3 e6 7. Bd2 Qc7 8.
Qe2 Nd7 9. d5 O-O-O 10. dxe6 fxe6 11. Bxe6 Bxc2 12. Rc1 Bg6 13. Nb5 Qb6 14. Be3
Qa5+ 15. Nd2 a6 16. Na7+ Kb8 17. O-O Nb6 18. Bxb6 Qxb6 19. Nc8 Rxc8 20. Bxc8
Kxc8 21. Nc4 Qb5 22. Qg4+ Kb8 23. Qf4+ Ka7 24. Qxf8 Bd3 25. Nd6 Qxb2 26. Nc8+
Kb8 27. Nb6+ Ka7 28. Qc5 Qxb6 29. Qxb6+ Kxb6 30. Rfd1 Bg6 31. a4 Nf6 32. a5+
Kxa5 33. Rc5+ Kb6 34. Rdc1 Re8 35. R5c3 Nd5 36. Rb3+ Ka7 37. h3 Nf4 38. Rb4
Ne2+ 0-1

[Event "DEM U12/U12w 2008"]
[Site "Willingen GER"]
[Date "2008.05.12"]
[Round "3"]
[White "Azizi, Nassim"]
[Black "Bauer, Andreas"]
[Result "1/2-1/2"]
[Termination "normal"]
[Board "1"]
[WhiteElo "1643"]
[BlackElo "1986"]
[PlyCount "71"]
[WhiteFideId "4608119"]
[BlackFideId "4625030"]
[EventCountry "GER"]
[EventRounds "11"]
[EventType "swiss"]
[EventDate "2008.05.10"]

1. d4 f5 2. Nf3 Nf6 3. e3 e6 4. Bd3 b6 5. Nbd2 Bb7 6. O-O Be7 7. Re1 Ne4 8. Ne5
O-O 9. c3 d6 10. Nef3 Nd7 11. Qb3 Rf6 12. Qc2 d5 13. Ne5 Nxe5 14. dxe5 Rf7 15.
f4 g5 16. Nf3 gxf4 17. exf4 Rg7 18. Nd4 Bc5 19. Be3 Bxd4 20. cxd4 Kh8 21. Kh1
Qh4 22. b4 Rag8 23. Bxe4 dxe4 24. Re2 Ba6 25. Rf2 Bd3 26. Qd2 Rg6 27. Rc1 Rh6
28. h3 Qg3 29. a4 Qg7 30. Ra1 Rg6 31. a5 Rc8 32. Rc1 Qd7 33. Qc3 Rg3 34. Qe1
Rgg8 35. Rb2 Ra8 36. Qc3 1/2-1/2